Точно решаемые модели в статистической механике: пер. с англ.

التفاصيل البيبلوغرافية
المؤلف الرئيسي: Бэкстер Р. Родни
اللغة:الروسية
منشور في: Москва, Мир, 1985
الموضوعات:
التنسيق: كتاب
KOHA link:https://koha.lib.tpu.ru/cgi-bin/koha/opac-detail.pl?biblionumber=285896

MARC

LEADER 00000nam0a2200000 4500
001 285896
005 20231101235835.0
035 |a (RuTPU)RU\TPU\book\310183 
090 |a 285896 
100 |a 20150302d1985 k y0rusy50 ca 
101 1 |a rus  |c eng 
102 |a RU 
105 |a a z 001zy 
200 1 |a Точно решаемые модели в статистической механике  |e пер. с англ.  |f Р. Бэкстер 
210 |a Москва  |c Мир  |d 1985 
215 |a 486 с.  |c ил. 
320 |a Библиогр.: с. 471-478 
320 |a Предметный указатель: с. 479-481 
606 |a Статистическая механика  |2 stltpush  |3 (RuTPU)RU\TPU\subj\56840  |9 74727 
610 1 |a статистическая физика 
610 1 |a двумерные модели 
610 1 |a точные решения 
610 1 |a аналитическое решение 
610 1 |a фазовые переходы 
610 1 |a реальные системы 
610 1 |a модель Изинга 
610 1 |a эллиптические функции 
675 |a 531.19  |v 3 
700 1 |a Бэкстер  |b Р.  |g Родни 
801 1 |a RU  |b 63413507  |c 20150302 
801 2 |a RU  |b 63413507  |c 20180111  |g RCR 
942 |c BK